000 00469ntaaa2200181 4500
003 01
005 20251027202116.0
008 0714s1973 ag 01
040 _aAR-BaBN
_bspa
_cAR-BaBN
_eaacr
_dRIC
082 _a252.5300 G15
100 _aGannaway, Marian Walter
_919541
245 _aStory sermons and plans for the junior church
250 _a1 ed.
260 _aNashville :
_bAbingdon Press,
_cc1949
300 _a154 p
650 _asermones-niƱos
942 _cBK
999 _c15939
_d15939